Príjmová nerovnosť a chudoba v Brazílii diplomová práca

Uložené v:
Podrobná bibliografia
Hlavný autor: Hechtová, Viktória
Korporativný autor: Fakulta medzinárodných vzťahov EU. Katedra medzinárodných ekonomických vzťahov a hospodárskej diplomacie
Ďalší autori: Janubová, Barbora, 1991-
Médium: Kniha
Jazyk:Slovak
Vydavateľské údaje: Bratislava 2025
Tagy: Pridať tag
Žiadne tagy, Buďte prvý, kto otaguje tento záznam!

MARC

LEADER 00000nbm a2200000 4500
001 0309525
005 20260115110307.7
041 0 |a slo 
044 |a SK 
245 1 0 |a Príjmová nerovnosť a chudoba v Brazílii  |b diplomová práca  |c Viktória Hechtová ; školiteľ: Barbora Janubová 
264 1 |a Bratislava  |c 2025 
300 |a 83 s. 
100 1 |a Hechtová, Viktória 
700 1 |a Janubová, Barbora, 1991- 
710 2 |a Fakulta medzinárodných vzťahov EU. Katedra medzinárodných ekonomických vzťahov a hospodárskej diplomacie